00389nam a2200145Ia 4500008004100000020001500041041001200056082001600068100001500084245006700099260003500166300000800201650001600209700001800225221030s9999 xx 000 0 und d a8177584766 aEnglish a105.23bElm aR. Elmasri 0aFundamentals of Database Systemscby R. Elmasri, S. B. Navathe bPearson EducationaDelhic2007 a798 aBE Computer aS. B. Navathe